000 00442nam a2200157 i 4500
001 58995
003 ES-MaACL
005 20230906163934.0
007 t|
008 031027s1919 ag ||||1| spa d
100 1 _aEchagüe, Juan Pablo.
_946486
245 1 3 _aUn teatro en formación /
_cJuan Pablo Echagüe.
260 _a[S.l. :
_bs.n.,
_c1919] (
_eBuenos Aires :
_fImp. Tragant)
300 _a404 p. ;
_c18 cm.
852 _aES-MaACL
_jC-3579
999 _c58995
_d58995